Responses for Show #6288 - Wednesday, January 11, 2012

Dan McShane game 4.

Contestants

[<< previous game]

Vinayak Thiagarajan, a strategy consultant from Chicago, Illinois

Katy Stigers, a college soccer coach from Bristol, Tennessee

Dan McShane, a baseball game logger from West Islip, New York (whose 3-day cash winnings total $40,401)

[next game >>]

Jeopardy! Round responses

ART & ARTISTS
TRAVEL
CELEBRITIES' MIDDLE NAMES
CATHOLIC PRIESTS
TITLE 9
COME "IN"
    $200 21
Pollock

Katy
    $200 6
the Colosseum

Vinayak
    $200 1
Leroy

Dan
    $200 11
communion wine

Dan
    $200 24
Innings

Vinayak
    $200 16
invention

Vinayak
    $400 22
(Vinayak: Who is Rembrandt?)

Jan Vermeer

Vinayak
Triple Stumper
    $400 7
Kathmandu

Dan
    $400 2
Luciano

Dan
    $400 12
bishop

Dan
    $400 25
Steps

Dan
    $400 17
incense

Vinayak
    $600 23
(Katy: What is fresco?)

watercolor

Katy
Triple Stumper
    $2,000 8
(Alex: Yes, Rapa Nui.)

Easter Island

Dan
    $600 3
Nathaniel

Vinayak
    $600 13
the confessional

Vinayak
    $600 26
Weeks

Dan
    $600 18
insignia

Vinayak
    $800 29
Salvador DalĂ­

Katy
    $800 9
the Danube

Dan
    $800 4
Madonna

Vinayak
    $800 14
patron saint

Katy
    $800 27
Supreme Court

Dan
    $800 19
infinitive

Vinayak
    $1000 30
(Mary) Cassatt

Dan
    $1000 10
(Dan: What is silver?)

amber

DanKaty
    $1000 5
Stuart

Dan
    $1000 15
(Dan: What is an agent?)
...
(Alex: As opposed to a vocation counselor, which you have in high school.)

a vocation director

Dan
Triple Stumper
    $1000 28
Stories

Dan
    $1000 20
[Applause for Vinayak's run of the category]
(Alex: And the category belonged to you, and you're now in the lead as a result.)

Inuit

Vinayak

Scores at the first commercial break (after clue 15):

Dan Katy Vinayak
$3,400 $1,800 $2,200

Scores at the end of the Jeopardy! Round:

Dan Katy Vinayak
$7,200 $2,200 $5,000

Double Jeopardy! Round responses

WANT ADS
GO "SOUTH"
I KNOW THAT WORD BACKWARDS & FORWARDS
(Alex: I know that word because it's a palindrome.)
MESOPOTAMIA
THE DE NIRO CODE
AT THE CLEVELAND CLINIC
    $400 1
Certified Public Accountants

Vinayak
    $400 6
the South Pole

Dan
    $400 22
rotator

Katy
    $400 16
Iraq

Dan
    $400 7
The Untouchables

Dan
    $400 21
World War I

Dan
    $800 2
physicist

Katy
    $800 12
South Bend

Dan
    $800 23
refer

Vinayak
    $800 17
the Persian

Dan
    $800 8
Taxi Driver

Dan
    $800 27
(Alex: Less than a minute to go, now, Dan.)

minimally invasive

Triple Stumper
    $1200 3
a bounty hunter

Dan
    $1200 13
South Sudan

Dan
    $1200 24
shahs

Dan
    $1200 18
(Katy: Who is Hammurabi?)

Gilgamesh

Katy
Triple Stumper
    $1200 9
Analyze This

Dan
    $1200 28
a kidney

Dan
    $1600 4
(Katy: What is Pakistan?)
(Vinayak: What is Tunisia?)

Yemen

KatyVinayak
Triple Stumper
    $1600 14
the South China Sea

Katy
    $1600 25
redder

Katy
    $3,000 19
cuneiform

Dan
    $1600 10
The Godfather: Part II

Dan
    $1600 29
electronic medical records

Vinayak
    $2000 5
sous-chef

Vinayak
    $2000 15
the South Island (of New Zealand)

Dan
    $2000 26
deified

Dan
    $2000 20
(Dan: What is pyramid?)

ziggurat

DanKaty
    $2000 11
[Applause for Dan's run of the category]

your friends

Dan
    $5,000 30
(Vinayak: ...Um...)
(Alex: Vinayak?)
(Vinayak: What is a... stent?)

a valve

Vinayak

Scores at the end of the Double Jeopardy! Round:

Dan Katy Vinayak
$25,800 $5,800 $3,200
(lock game)

[wagering suggestions for these scores]

Final Jeopardy! Round responses

FOOD ETYMOLOGY
(Alex: [To Katy] We can't accept that.)
...
(Alex: [To Dan] No, that's too vague. The product is [*]--[*] oil, for "Canada" and "oil, low acid"...)
VinayakWhat is grapeseed?
$2,601
KatyWhat is vegetable oil
$2,600
DanWhat is cooking oil?
$4,200
canola

Final scores:

Dan Katy Vinayak
$21,600 $3,200 $599
4-day champion: $62,001 2nd place: $2,000 3rd place: $1,000

Game dynamics:

Coryat scores:

Dan Katy Vinayak
$23,000 $5,800 $8,200
30 R
(including 2 DDs),
3 W
9 R,
3 W
14 R,
3 W
(including 1 DD)

Combined Coryat: $37,000

[game clues] [game scores] [suggest correction]

Game tape date: 2011-11-08
The J! Archive is created by fans, for fans. Scraping, republication, monetization, and malicious use prohibited; this site may use cookies and collect identifying information. See terms. The Jeopardy! game show and all elements thereof, including but not limited to copyright and trademark thereto, are the property of Jeopardy Productions, Inc. and are protected under law. This website is not affiliated with, sponsored by, or operated by Jeopardy Productions, Inc. Join the discussion at JBoard.tv.